000 00640nam a2200241Ia 4500
003 OSt
005 20220918191118.0
006 a|||||r|||| 00| 0
007 ta
008 220917b |||||||| |||| 00| 0 eng d
024 _a61,522
037 _cTextual
040 _aARTS
_cARTS
_beng
041 _2eng
_aeng
082 _aQ6:3, M0.1
100 _aStkes Stephen ed
_974969
245 0 _aNew srtudies in thology
260 _alondon
_bDuckwworth
_c1980
650 _aRELIGION
700 _a Holmes Derek ed
_974970
942 _hQ6:3, M0.1
_cTEXL
_2CC
999 _c188373
_d188373